000 00451nam a2200145Ia 4500
008 100204s9999 xx 000 0 und d
082 _b26478
100 _aपोटे सतेज
245 _aजिवलग भेटी
260 _b"मॅजेस्टिक प्रकाशन , मुंबई"
_c2004
300 _a108
630 _aजिवलग भेटी
730 _aजिवलग भेटी
942 _cBOOK
999 _c471659
_d471656